The Edinburgh history of the Greeks, 1453 to 1768 : the Ottoman Empire

Αποθηκεύτηκε σε:
Λεπτομέρειες βιβλιογραφικής εγγραφής
Κύριος συγγραφέας: Greene, Molly 1959-
Μορφή: Βιβλίο
Γλώσσα:English
Θέματα:
Ετικέτες: Προσθήκη ετικέτας
Δεν υπάρχουν, Καταχωρήστε ετικέτα πρώτοι!

MARC

LEADER 00000cam a2200000 i 4500
001 1/112417
008 160106s2015####stkab b 001 | eng||
020 |a 9780748693993  
041 0 |a eng 
082 0 4 |a 938.4   |2 (23) 
100 1 |a Greene, Molly  |d 1959- 
245 1 4 |a The Edinburgh history of the Greeks, 1453 to 1768 :   |b the Ottoman Empire /   |c Molly Greene.  
300 |a 239 σ. :  |b εικ., χάρτες ;  |c 24 εκ. 
504 |a Περιλαμβάνει βιβλιογραφία (σ. 218-232) και ευρετήριο. 
650 0 |a Greeks. 
651 0 |a Greece  |x History  |y 1453-1821. 
651 0 |a Turkey  |x History  |y Ottoman Empire, 1288-1918. 
852 |a INST  |b LESVOS  |e 20161130  |h 938.4 GRE  |p 005100058236  |q 005100058236  |t BK  |y 0 
920 |a Greene  |b Molly  |y Λέσβος  |z 2016-08 
970 |a Τζαφέρη  |b Ευαγγελία  |z 30-11-2016